| 000 | 00616nam a2200205Ii 4500 | ||
|---|---|---|---|
| 003 | JO-AjNU | ||
| 008 | 230606s9999||||xx |||||||||||||| ||und|| | ||
| 020 | _a978-81-239-2204-1 | ||
| 040 |
_aJO-AjNU _beng _erda _cJO-AjNU |
||
| 041 | _aeng | ||
| 050 | 1 | 4 | _aQA371.K86.2013 |
| 100 | 3 |
_aKummar,Nagendra /, _eauthor _94691 |
|
| 245 | 0 | 0 | _aDifferential Equations and Calculus Variations |
| 264 | 3 | 1 | _aNewdelh:CBC,2013 |
| 300 | _a586p | ||
| 336 |
_atext _btxt _2rdacontent |
||
| 337 |
_aunmediated _bn _2rdamedia |
||
| 338 |
_avolume _bnc _2rdacarrier |
||
| 650 | 4 |
_aDifferential equations Calculus of variations _94692 |
|
| 999 |
_aE2431 _c2429 _d2429 |
||